Energy policy strategies for uncertainty

Gespeichert in:
Bibliographische Detailangaben
1. Verfasser: P. Lesley Cook
Format: Buch
Sprache:Undetermined
Veröffentlicht: London martin Robertson 1977
Schlagworte:
Tags: Tag hinzufügen
Keine Tags, Fügen Sie den ersten Tag hinzu!
Thư viện lưu trữ: Trung tâm Học liệu Trường Đại học Cần Thơ
LEADER 00519nam a2200193Ia 4500
001 CTU_106975
008 210402s9999 xx 000 0 und d
082 |a 333.7 
082 |b C771 
100 |a P. Lesley Cook 
245 0 |a Energy policy strategies for uncertainty 
245 0 |c P. Lesley Cook 
260 |a London 
260 |b martin Robertson 
260 |c 1977 
650 |a energy policy,energy policy 
650 |x great britain 
904 |i Truc 
980 |a Trung tâm Học liệu Trường Đại học Cần Thơ